00369 2200145 4500001002100000005001500021035002000036245006200056100002400118300001100142260003600153082000800189084001400197990001200211INLIS00000000000199120250527082753 a0010-05250002831 aMembangu Kembali Jati Diri Bangsa /cSoemarno Soedarsono.0 aSoemarno Soedarsono a63 hlm bYayasan Jati Diri Bangsa,c2008 a300 a300 SOE m a0713272